Лекции семинара по повышению научной и методической квалификации преподавателей "Курса общей химии": лекции семинара проведенного в Ленинградском электротехническом институте им. В. И. Ульянова (Ленина) с 25 января по 3 февраля 1966 г.

Podrobná bibliografie
Korporace: Всесоюзное общество "Знание", Всесоюзное химическое общество им. Д. И. Менделеева (ВХО), Семинар по повышению научной и методической квалификации преподавателей "Курса общей химии" семинар
Jazyk:ruština
Vydáno: Москва, Химия, 1966
Témata:
Médium: MixedMaterials Kniha
KOHA link:https://koha.lib.tpu.ru/cgi-bin/koha/opac-detail.pl?biblionumber=250516

MARC

LEADER 00000nam0a2200000 4500
001 250516
005 20231101232553.0
035 |a (RuTPU)RU\TPU\book\272724 
090 |a 250516 
100 |a 20140213d1966 k y0rusy50 ca 
101 0 |a rus 
102 |a RU 
105 |a a z 101zy 
200 1 |a Лекции семинара по повышению научной и методической квалификации преподавателей "Курса общей химии"  |e лекции семинара проведенного в Ленинградском электротехническом институте им. В. И. Ульянова (Ленина) с 25 января по 3 февраля 1966 г.   |f Всесоюзное общество "Знание" ; Всесоюзное химическое общество им. Д. И. Менделеева (ВХО) 
210 |a Москва  |a Ленинград  |c Химия  |d 1966 
215 |a 142 с.  |c ил. 
320 |a Библиогр. в конце тем 
606 1 |a Химия  |x Методика преподавания  |2 stltpush  |3 (RuTPU)RU\TPU\subj\70591  |9 84810 
610 1 |a философия 
610 1 |a периодическая система 
610 1 |a комплексные соединения 
610 1 |a фазовое равновесие 
610 1 |a физико-химический анализ 
610 1 |a окислительно-восстановительные реакции 
610 1 |a химические растворы 
610 1 |a органическая химия 
610 1 |a физическая химия 
610 1 |a полимеры 
610 1 |a программное обеспечение 
610 1 |a технические средства 
610 1 |a лекции 
675 |a 54(072)  |v 3 
712 0 2 |a Всесоюзное общество "Знание"  |c (1963-1991)  |c (Москва)  |2 stltpush  |3 (RuTPU)RU\TPU\col\9744  |9 24745 
712 0 2 |a Всесоюзное химическое общество им. Д. И. Менделеева (ВХО)  |c (Москва)  |c (1932-1991)  |2 stltpush  |3 (RuTPU)RU\TPU\col\12594 
712 1 2 |a Семинар по повышению научной и методической квалификации преподавателей "Курса общей химии"  |b семинар  |e Ленинград  |f 1966 
801 1 |a RU  |b 63413507  |c 20140213 
801 2 |a RU  |b 63413507  |c 20160803  |g RCR 
942 |c BK